[Event "GER-ch 78th"]
[Site "Bad Koenigshofen"]
[Date "2007.01.27"]
[Round "9"]
[White "Buhmann, Rainer"]
[Black "Gustafsson, Jan"]
[Result "1/2-1/2"]
[WhiteElo "2547"]
[BlackElo "2584"]
[EventDate "2007.01.19"]
[PlyCount "118"]

1. Nf3 c5 2. c4 Nc6 3. d4 cxd4 4. Nxd4 e6 5. g3 Qb6 6. Nb3 Ne5 7. Bg2 Bb4+ 8. N1d2 Nxc4 9. a3 Bxd2+ 10. Nxd2 Ne5 11. b4 Nf6 12. Bb2 d6 13. O-O O-O 14. Bxe5 dxe5 15. Nc4 Qb5 16. Rc1 e4 17. Nd6 Qd5 18. Rc5 Qxd1 19. Rxd1 Rd8 20. Rcc1 Kf8 21. Nxe4 Rxd1+ 22. Rxd1 Nxe4 23. Bxe4 f5 24. Bg2 Ke7 25. Rc1 Kd6 26. f4 Rb8 27. e4 fxe4 28. Bxe4 h6 29. Kf2 Bd7 30. Ke3 b6 31. Kd4 g5 32. fxg5 hxg5 33. h4 gxh4 34. gxh4 Rh8 35. Rh1 e5+ 36. Ke3 Bg4 37. Bf3 Bxf3 38. Kxf3 Kd5 39. h5 e4+ 40. Ke3 Rh6 41. Rh2 a5 42. bxa5 bxa5 43. Rh1 Rb6 44. h6 Rb3+ 45. Kd2 Rb8 46. Rh5+ Kd4 47. h7 Rh8 48. Rh4 a4 49. Rh3 Ke5 50. Ke3 Kf5 51. Rh4 Kg5 52. Rh3 Kg6 53. Rg3+ Kf6 54. Rh3 Kg6 55. Kxe4 Rxh7 56. Rc3 Rh4+ 57. Kd5 Kf6 58. Kd6 Rd4+ 59. Kc5 Ke5 1/2-1/2

[Event "GER-ch 78th"]
[Site "Bad Koenigshofen"]
[Date "2007.01.27"]
[Round "9"]
[White "Degtiarev, Evgeny"]
[Black "Tischbierek, Raj"]
[Result "1/2-1/2"]
[WhiteElo "2393"]
[BlackElo "2486"]
[EventDate "2007.01.19"]
[PlyCount "131"]

1. d4 Nf6 2. c4 e6 3. Nf3 d5 4. Nc3 Bb4 5. cxd5 exd5 6. Bg5 Nbd7 7. e3 c5 8. Bd3 Qa5 9. Qc2 c4 10. Bf5 O-O 11. O-O Re8 12. Nd2 g6 13. Bxd7 Nxd7 14. f3 Bf8 15. Rae1 Bg7 16. Ndb1 Nf8 17. Kh1 Bd7 18. Qf2 Ne6 19. Bh4 Bc6 20. f4 f5 21. Nd2 b5 22. a3 Qb6 23. Nf3 a5 24. Ne5 b4 25. Nb1 Rf8 26. axb4 axb4 27. Be7 Rfc8 28. g4 Qb7 29. Bh4 Rf8 30. Nxc6 Qxc6 31. Be7 Rfb8 32. gxf5 gxf5 33. Qd2 Ra4 34. Rg1 Kh8 35. Rg3 Qd7 36. Bg5 Ra2 37. Qc1 Qf7 38. Nd2 c3 39. bxc3 b3 40. Qd1 Rb2 41. Rg2 Qc7 42. Nb1 Ra2 43. Ree2 Rxe2 44. Qxe2 Nf8 45. Bh4 Ng6 46. Bg3 Qc4 47. Qd1 Re8 48. Re2 Bf6 49. Kg1 Kg7 50. Kf2 Rb8 51. Rb2 Ne7 52. Nd2 Qd3 53. Qb1 Qxc3 54. Ke2 Bxd4 55. exd4 Nc6 56. Nf3 Nxd4+ 57. Nxd4 Qxd4 58. Kf1 Qc3 59. Rg2 Qf3+ 60. Kg1 Qe4 61. Bh4+ Kf7 62. Qc1 Qd4+ 63. Kh1 Rb7 64. Qc8 Qd1+ 65. Rg1 Qf3+ 66. Rg2 1/2-1/2

[Event "GER-ch 78th"]
[Site "Bad Koenigshofen"]
[Date "2007.01.27"]
[Round "9"]
[White "Enders, Peter"]
[Black "Graf, Alexander"]
[Result "0-1"]
[WhiteElo "2433"]
[BlackElo "2610"]
[EventDate "2007.01.19"]
[PlyCount "70"]

1. e4 e5 2. Nf3 Nc6 3. Bb5 a6 4. Ba4 Nf6 5. O-O Be7 6. Re1 b5 7. Bb3 d6 8. c3 O-O 9. h3 Na5 10. Bc2 c5 11. d4 Nd7 12. Kh1 exd4 13. cxd4 Bb7 14. Nc3 Re8 15. dxc5 Nxc5 16. Nd5 Bxd5 17. Qxd5 Rc8 18. Bd2 Nc4 19. Bb3 Bf6 20. Bxc4 bxc4 21. Qxc4 Nxe4 22. Qxa6 Nxf2+ 23. Kh2 Ne4 24. Qd3 Bxb2 25. Rab1 Nxd2 26. Qxd2 Rxe1 27. Qxe1 Bf6 28. Rb7 g6 29. Qb4 Kg7 30. a4 Bc3 31. Qg4 Rc5 32. h4 Qf6 33. Kh3 Be5 34. Rb5 h5 35. Qg5 Qe6+ 0-1

[Event "GER-ch 78th"]
[Site "Bad Koenigshofen"]
[Date "2007.01.27"]
[Round "9"]
[White "Fischer, Thomas2"]
[Black "Schulze, Ulrich"]
[Result "1/2-1/2"]
[WhiteElo "2045"]
[BlackElo "2297"]
[EventDate "2007.01.19"]
[PlyCount "46"]

1. c4 Nf6 2. Nf3 g6 3. g3 Bg7 4. Bg2 d5 5. cxd5 Nxd5 6. O-O Nc6 7. Nc3 O-O 8. Nxd5 Qxd5 9. d3 Qb5 10. Rb1 Be6 11. b3 Nb4 12. a4 Qd7 13. Bb2 Bxb2 14. Rxb2 Bh3 15. Qd2 Bxg2 16. Kxg2 a5 17. Rc1 f6 18. Qc3 c6 19. Qc4+ Qd5 20. d4 Rfd8 21. Rd2 Kg7 22. e4 Qxc4 23. bxc4 Rd7 1/2-1/2

[Event "GER-ch 78th"]
[Site "Bad Koenigshofen"]
[Date "2007.01.27"]
[Round "9"]
[White "Heinig, Wolfram"]
[Black "Tereick, Benjamin"]
[Result "1/2-1/2"]
[WhiteElo "2364"]
[BlackElo "2382"]
[EventDate "2007.01.19"]
[PlyCount "74"]

1. d4 e6 2. g3 c5 3. Nf3 Nf6 4. Bg2 Qa5+ 5. Nbd2 cxd4 6. O-O Nc6 7. Nb3 Qb6 8. Nfxd4 d5 9. c4 Be7 10. cxd5 exd5 11. h3 Ne5 12. Bf4 Nc4 13. Qc2 Nd6 14. Rad1 O-O 15. Bxd6 Bxd6 16. Kh2 a5 17. e3 Bd7 18. Qb1 a4 19. Nd2 h5 20. Kg1 g6 21. a3 Kg7 22. Rc1 Ra6 23. Rc3 Qd8 24. h4 Rb6 25. b4 Qe7 26. Rfc1 Ra6 27. Qd3 Re8 28. Qc2 Be5 29. Qd3 Bb8 30. Nb5 Bf5 31. Qf1 Be5 32. Rc5 Ng4 33. Nc7 Bxg3 34. Nxe8+ Qxe8 35. fxg3 Qxe3+ 36. Kh1 Qxg3 37. Nf3 Nf2+ 1/2-1/2

[Event "GER-ch 78th"]
[Site "Bad Koenigshofen"]
[Date "2007.01.27"]
[Round "9"]
[White "Jahrsdoerfer, Gerd"]
[Black "Hamann, Carsten"]
[Result "1/2-1/2"]
[WhiteElo "2176"]
[BlackElo "2216"]
[EventDate "2007.01.19"]
[PlyCount "34"]

1. e4 e6 2. d4 d5 3. Nc3 Bb4 4. e5 Ne7 5. a3 Bxc3+ 6. bxc3 c5 7. Qg4 O-O 8. Bd3 f5 9. exf6 Rxf6 10. Bg5 Rf7 11. Qh4 h6 12. Bxe7 Rxe7 13. Nf3 e5 14. dxe5 Rxe5+ 15. Kd2 Qxh4 16. Nxh4 Nc6 17. Rhe1 Bd7 1/2-1/2

[Event "GER-ch 78th"]
[Site "Bad Koenigshofen"]
[Date "2007.01.27"]
[Round "9"]
[White "Luther, Thomas"]
[Black "Henrichs, Thomas"]
[Result "1/2-1/2"]
[WhiteElo "2580"]
[BlackElo "2483"]
[EventDate "2007.01.19"]
[PlyCount "45"]

1. e4 e5 2. Nf3 Nc6 3. Bb5 a6 4. Ba4 Nf6 5. O-O Be7 6. Re1 b5 7. Bb3 O-O 8. c3 d6 9. h3 Nb8 10. d4 Nbd7 11. Nbd2 Bb7 12. a4 c5 13. d5 c4 14. Bc2 Nc5 15. axb5 axb5 16. Rxa8 Qxa8 17. b3 cxb3 18. Nxb3 Nxb3 19. Bxb3 Bc8 20. Bc2 Bd7 21. Bd3 Rb8 22. Qb3 Bd8 23. Be3 1/2-1/2

[Event "GER-ch 78th"]
[Site "Bad Koenigshofen"]
[Date "2007.01.27"]
[Round "9"]
[White "Meister, Jakob [RUS]"]
[Black "Bastian, Herbert"]
[Result "1-0"]
[WhiteElo "2491"]
[BlackElo "2411"]
[EventDate "2007.01.19"]
[PlyCount "61"]

1. e4 c5 2. Nf3 a6 3. c3 Nf6 4. e5 Nd5 5. d4 cxd4 6. Bc4 Nb6 7. Bb3 e6 8. cxd4 d6 9. O-O Nc6 10. Qe2 dxe5 11. dxe5 Qc7 12. Nc3 Be7 13. Bf4 Bd7 14. Rac1 O-O-O 15. Ne4 Kb8 16. Bg5 Rde8 17. Rfd1 h6 18. Be3 Rd8 19. Nd6 Rhf8 20. Bc5 Nc8 21. Qe3 Ka8 22. Bc4 Be8 23. b4 Nxe5 24. Nxe8 Nxf3+ 25. Qxf3 Rxd1+ 26. Rxd1 Rxe8 27. Qxf7 Rf8 28. Qxg7 Qf4 29. Bxe7 Qxf2+ 30. Kh1 Qf4 31. Bc5 1-0

[Event "GER-ch 78th"]
[Site "Bad Koenigshofen"]
[Date "2007.01.27"]
[Round "9"]
[White "Schellmann, Frank"]
[Black "Knuth, Hannes"]
[Result "1/2-1/2"]
[WhiteElo "2107"]
[BlackElo "2301"]
[EventDate "2007.01.19"]
[PlyCount "74"]

1. e4 c5 2. Nf3 Nc6 3. Bb5 e6 4. Bxc6 bxc6 5. d3 f6 6. O-O g6 7. Nc3 Nh6 8. h3 Nf7 9. Be3 d6 10. Nh2 Bg7 11. f4 O-O 12. Ne2 Rb8 13. Rb1 f5 14. b3 Qa5 15. a4 Ba6 16. Ng3 Rb7 17. Qf3 Rfb8 18. Rbd1 d5 19. exf5 exf5 20. Bd2 Qc7 21. Rfe1 c4 22. dxc4 dxc4 23. b4 c3 24. Bxc3 Bxc3 25. Qxc3 Rxb4 26. Nf3 Qxf4 27. Rd4 Rxd4 28. Nxd4 h5 29. Ne6 Qh6 30. Nc7 Bc8 31. Re8+ Kh7 32. Re7 Qg7 33. Qc4 Kg8 34. Re8+ Kh7 35. Re7 Kg8 36. Re8+ Kh7 37. Re7 Kg8 1/2-1/2

[Event "GER-ch 78th"]
[Site "Bad Koenigshofen"]
[Date "2007.01.27"]
[Round "9"]
[White "Stanke, Juergen"]
[Black "Reinhardt, Bernd"]
[Result "1/2-1/2"]
[WhiteElo "2323"]
[BlackElo "2347"]
[EventDate "2007.01.19"]
[PlyCount "35"]

1. c4 e5 2. Nc3 Nf6 3. Nf3 Nc6 4. d3 d5 5. cxd5 Nxd5 6. e3 Be7 7. Be2 O-O 8. O-O Be6 9. Qc2 f6 10. a3 a5 11. b3 Nb6 12. Rb1 Qd7 13. Rd1 Rfd8 14. Bb2 Qe8 15. Nd2 Qg6 16. Nce4 Nd7 17. Bf3 Ra6 18. Kh1 1/2-1/2

[Event "GER-ch 78th"]
[Site "Bad Koenigshofen"]
[Date "2007.01.27"]
[Round "9"]
[White "Von Herman, Ulf"]
[Black "Baramidze, David"]
[Result "1/2-1/2"]
[WhiteElo "2364"]
[BlackElo "2551"]
[EventDate "2007.01.19"]
[PlyCount "98"]

1. d4 Nf6 2. c4 g6 3. Nc3 d5 4. cxd5 Nxd5 5. Bg5 Nxc3 6. bxc3 c5 7. Nf3 Bg7 8. e3 O-O 9. Be2 Nd7 10. O-O Nf6 11. Qb3 Ne4 12. Bh4 Be6 13. Qa3 b6 14. Rfd1 Qc7 15. Ng5 Nxg5 16. Bxg5 Rfd8 17. Bf4 Qb7 18. dxc5 Bd5 19. f3 e5 20. Bg5 f6 21. Bh4 g5 22. Bf2 e4 23. Qa6 Qc6 24. Rxd5 Rxd5 25. Bc4 Kh8 26. Bxd5 Qxd5 27. cxb6 axb6 28. fxe4 Qxe4 29. Qxb6 f5 30. Rd1 Re8 31. Rd8 h5 32. Rxe8+ Qxe8 33. Qb1 Qe6 34. Qc2 h4 35. c4 Bf8 36. Qc3+ Bg7 37. Qd3 Qe5 38. Be1 f4 39. Qd8+ Kh7 40. Qd3+ Kh6 41. Bf2 Qa1+ 42. Qf1 fxe3 43. Bxe3 Qxa2 44. Qc1 Bb2 45. Qf1 Qb3 46. Qf8+ Bg7 47. Qd6+ Kh5 48. Qd2 Qxc4 49. Bxg5 Qd4+ 1/2-1/2

[Event "GER-ch 78th"]
[Site "Bad Koenigshofen"]
[Date "2007.01.27"]
[Round "9"]
[White "Wichmann, Cliff"]
[Black "Meins, Gerlef"]
[Result "0-1"]
[WhiteElo "2419"]
[BlackElo "2460"]
[EventDate "2007.01.19"]
[PlyCount "94"]

1. d4 Nf6 2. c4 e6 3. g3 d5 4. Nf3 dxc4 5. Bg2 Nc6 6. O-O Rb8 7. e3 b5 8. Qe2 Be7 9. Rd1 O-O 10. e4 Bb7 11. Nc3 a6 12. d5 exd5 13. e5 Nd7 14. Nxd5 Kh8 15. Bf4 Nc5 16. Ne1 Ne6 17. Be3 Nxe5 18. Ba7 Ra8 19. Nb6 Rxa7 20. Rxd8 Rxd8 21. Na4 Bxg2 22. Kxg2 bxa4 23. Qxe5 a3 24. Rb1 Rb7 25. Qc3 Rdb8 26. Qxc4 axb2 27. Qxa6 Bf6 28. Nd3 g6 29. Qc4 Kg7 30. h3 Ra7 31. a4 Rab7 32. a5 c5 33. a6 Ra7 34. h4 Rb6 35. h5 Raxa6 36. Nxb2 Ra8 37. h6+ Kg8 38. Rd1 Rxb2 39. Rd6 Bd4 40. Qd5 Rxf2+ 41. Kh3 Re8 42. Qc6 Kf8 43. Rd5 Rb2 44. Rd7 Ng5+ 45. Kg4 Re4+ 46. Kxg5 Be3+ 47. Kf6 Rf2# 0-1

[Event "GER-ch 78th"]
[Site "Bad Koenigshofen"]
[Date "2007.01.27"]
[Round "9"]
[White "Zill, Christoph"]
[Black "Koller, Jens"]
[Result "1/2-1/2"]
[WhiteElo "2305"]
[BlackElo "2246"]
[EventDate "2007.01.19"]
[PlyCount "52"]

1. e4 c5 2. Nf3 e6 3. d4 cxd4 4. Nxd4 Nf6 5. Nc3 Bb4 6. e5 Nd5 7. Qg4 O-O 8. Bd2 d6 9. f4 dxe5 10. fxe5 Nd7 11. Nf3 Qa5 12. Qd4 Nxc3 13. bxc3 Be7 14. Bd3 Nc5 15. Be2 b6 16. O-O Qa4 17. Bg5 Bxg5 18. Nxg5 Bb7 19. Bf3 Bxf3 20. Rxf3 h6 21. Qxa4 Nxa4 22. Ne4 Rac8 23. Rd1 Rc4 24. Rd4 Rfc8 25. Nd6 Rxd4 26. cxd4 Rxc2 1/2-1/2